000 00489cam a22002054a 4500
005 20250605164312.0
008 250528s ||||||||||||||||||||||||d
035 _a22543
020 _a9780273651611
040 _aGR-AtMCL
_bgre
_dGR-AtMCL
_eAACR2
245 1 _aACCOUNTING: THEORY AND PRACTICE
250 _a7
260 _bPrentice Hall,
_c2001
300 _a716
700 1 _aGlautier M.W.E
_9745
700 1 _aUnderdown B
_9746
942 _cBK
999 _c7591
_d7591